MDQL
is popping MORE tags! Check the
thread
!
Quizzes
Events
Quiz Creation
Community
Videos
Private Events
Remove Ads
Sign In
Join for FREE
Feedback
Dark Mode
Quiz Categories
Sports
Geography
Music
Movies
Television
Just For Fun
Miscellaneous
History
Literature
Language
Science
Gaming
Entertainment
Religion
Holiday
For Kids
Quiz Lab
Recent
Popular Today
Quiz Kudos Today
Editor Picks
Curator Picks
Quizzes by...
Day
Popularity
Type
Ratings
Length
Year
Community
Subscriptions
Recent Discussions
Orange Saloon
Badges
Playlists
Quests
Create
Leaderboards
Showdown
Live 5
Trivia Bingo
Activity
Puzzle Library
Sporcle Events
Private Events
Virtual Trivia
Globe League
Become a Host
Pub Owners
SporcleCon
Opinionation
Our Games
Videos
Blog
Mobile Apps
Partnerships
Remove Ads and Go Orange
Feedback
Sports
Athletes
MLB
NBA
NHL
NFL
Soccer
Sports Teams
WWE
NCAA
Football
Premier League
Basketball
Baseball
Hockey
Golf
Tennis
Cricket
Rugby
Auto Racing
Olympics
World Cup
Sports
Athletes
MLB
NBA
NHL
NFL
Soccer
Sports Teams
WWE
NCAA
Football
Premier League
Basketball
Baseball
Hockey
Golf
Tennis
Cricket
Rugby
Auto Racing
Olympics
World Cup
Random Quiz
Search Sporcle
×
Quiz Lab
Quiz Lab
Sports
Century
Type in answers that appear in a list
Type in answers that appear in a list
Classic
Best Score? Go Orange.
Top 50 U.S. Racehorses Stats
Can you name the Top 50 U.S. Racehorses of the 20th Century?
By
StreetMeat
10m
50 Questions
94 Plays
94 Plays
94 Plays
Comments
Comments
Give Quiz Kudos
Give Quiz Kudos
-
- Ratings
hide this ad
Replay
Link that replays current quiz
Next Quiz
Link to next quiz in quiz playlist
You Got
0%
They Got
Avg Score
51%
Avg Friend Score
Upgrade to see
Score Distribution
Jump to the score distribution portion of the page
Score
0/50
Timer
10:00
0
Plays Today
Rank/Years Raced
Name
% Correct
1972-
73
Secretariat
94.7%
1919-
20
Man o' War
93.6%
1935-
40
Seabiscuit
92.6%
1976-
78
Seattle Slew
87.2%
1947-
51
Citation
86.2%
1977-
79
Affirmed
84%
1936-
38
War Admiral
84%
1974-
75
Ruffian
76.6%
1952-
54
Native Dancer
74.5%
1940-
42
Whirlaway
73.4%
1942-
43
Count Fleet
72.3%
1929-
30
Gallant Fox
69.1%
1963-
64
Northern Dancer
69.1%
1959-
64
Kelso
64.9%
1993-
96
Cigar
64.9%
1929-
32
Phar Lap
64.9%
1918-
20
Sir Barton
63.8%
1966-
68
Dr. Fager
59.6%
1978-
80
Spectacular Bid
59.6%
1973-
78
Forego
58.5%
1977-
84
John Henry
57.4%
1956-
58
Bold Ruler
56.4%
1977-
79
Alydar
56.4%
1945-
47
Assault
53.2%
1951-
53
Tom Fool
46.8%
Rank/Years Raced
Name
% Correct
1954-
56
Swaps
46.8%
1988-
90
Sunday Silence
46.8%
1965-
67
Buckpasser
44.7%
1907-
08
Colin
44.7%
1954-
56
Nashua
42.6%
1986-
88
Personal Ensign
42.6%
1986-
88
Alysheba
41.5%
1966-
68
Damascus
40.4%
1956-
59
Round Table
40.4%
1988-
90
Easy Goer
38.3%
1956-
58
Gallant Man
35.1%
1968-
69
Majestic Prince
35.1%
1995-
98
Skip Away
34%
1968-
71
Ack Ack
33%
1930-
34
Equipoise
31.9%
1944-
47
Busher
27.7%
1944-
50
Armed
26.6%
1917-
24
Exterminator
23.4%
1943-
48
Stymie
23.4%
1933-
36
Discovery
22.3%
1938-
42
Challedon
20.2%
1947-
51
Coaltown
20.2%
1972-
76
Dahlia
20.2%
1904-
05
Sysonby
18.1%
1944-
48
Gallorette
18.1%
Quiz Playlist
Details
Report
Send in Message
Add To Playlist
Classic:
Type in answers that appear in a list
Quiz Source
Last Updated: Feb 16, 2017
Quiz Scoreboard
CHALLENGE
Sign Up to Join the Scoreboard
Show All
Scores
Hide
Comments
May contain spoilers
Recently Published
Holiday 10x10 Sorting Gallery
by lukepisani3
Holiday
15m
Two Season TV Shows II
by 123Four
Television
10m
Image Sorting: Flags VI
by Barbecue
Geography
2m
More to Explore
Quiz From the Vault
Featured Blog Post
14 Easter Pick-up Lines to Find Eggs With
hide this ad
You Might Also Like...
Tags
Century Quiz
20th Century
Accomplishment
Raced
Top 50
Today's Top Quizzes in Sports
Browse Sports
hide this ad
Today's Top Quizzes in Century
Browse Century
Top Contributed Quizzes in Sports
1
Les meilleurs buteurs des matchs entre le PSG et l’OM
2
Les entraîneurs de l'OM et du PSG au 21e siècle
3
2022 World Cup Stars
4
Les joueurs passés par le PSG et l'OM
5
Players with Multiple 50 Home Run Seasons
6
FIFA Club World Cup Champions
7
Top 10 NHL Goal Scorers of All Time
8
Les joueurs passés par le LOSC et le RC Lens
9
Criteria MLB: Left Handed Sluggers
10
2023 MLB Unique Player Accomplishments
Explore More
Trending Topics
Harry Potter
Disney
Kpop
Crossword
Marvel
Anime
NBA
NFL
Soccer
WWE
Song
Country
Puzzle
Pokémon
The Office
hide this ad
More By:
StreetMeat
Quiz
Plays
Rating
Category
Featured
Created
Centennial Titanic Quiz
853
4.20
History
Apr 15, 2012
Born Then They Died
569
4.21
History
Jun 7, 2011
Moving Sports Franchises
484
3.13
Sports
Oct 13, 2010
Presidents without Vice Presidents
380
5.00
History
Jan 23, 2011
Presidents with more than one VP
261
4.20
History
Apr 16, 2011
Go to Creator's Profile
Score Distribution
Quiz Creator Spotlight
StreetMeat
Follow
Send a Message
Quizzes Created
-
Created Quiz Play Count
-
More By This Creator
Popular Quizzes Today
1
Find the US States - No Outlines Minefield
2
Colored Red Africa Blitz
3
Find the 'City' Movie
4
The Countries of the World
5
Find the US States
6
5x2 Blitz: Bands
7
Find the Countries of Europe - No Outlines Minefield
8
US States
More Sports Quizzes
Top 50 Players PES 2020
Quiz Lab
Trending Quizzes
Colored Red Europe Blitz I
Colored Red Europe Blitz II
Colored Red Africa Blitz II
Colored Red Europe Blitz III
Colored Red Africa Blitz III
Recently Updated
Odd Team Out - Big 4 Players
pecheneg
Quick Pick: 20 Twenties
pecheneg
March Madness Men's Triple Doubles
pecheneg
How Do You Spell That?
pecheneg
Godzilla Movies
pecheneg
Grab Bag: 4-10 Letters
pecheneg
2024 March Madness Bracket
pecheneg
Famous TV Couples
Peacemaker
Champions League XIs: Real Madrid
pecheneg
Largest US Cities 1790-2010
pecheneg
Trending Topics
Kpop
Disney
Anime
NBA
Harry Potter
Crossword
Marvel
Puzzle
NFL
Country
The Office
Pokémon
Soccer
Song
WWE
Your Account Isn't Verified!
In order to create a playlist on Sporcle, you need to verify the email address you used during registration. Go to your
Sporcle Settings
to finish the process.
Report this User
Report this user for behavior that violates our
Community Guidelines
.
Details:
Send Report
Go to the Sporcle.com Mobile Site →
Comments